00472nam a2200193 a 4500001001300000003000900013005001700022008004100039020001000080082001300090100001900103245002900122260003000151300000800181500003500189505001900224650001600243700001900259nice12345678IN_TiNIC20260116011808.0050524s0000 egya grp 000 0 ara  ac10000a239bSAE aSaeed, Ibrahim aAl-Majmooatul Ibrahimiya aEgyptbMatba-E-Neelc0000 a88p aincludes index and biblioraphy2 aReserve copies aApologetics1 aSaeed, Ibrahim